000 01094nas a2200301 4500
001 BR2011004599
003 BR-BrBNA
005 20231205115525.0
007 ta
008 230509b bl.|||p| |||| 00| 00por d
040 _aBR-BrBNA
_bpor
_cBiblioteca Nacional de Agricultura
041 _a(Pt)
072 _aL72
100 1 _aSartor, A.A.
100 1 _aBellato, V.
100 1 _aSouza, A.P. de
100 1 _aCantelli, C.R.
245 1 _aPrevalência das espécies de Eimeria Schneider, 1875 e Isospora Schneider, 1881 (Apicomplexa: Eimeriidae)parasitas de suínos do município de Videira, SC, Brasil
246 1 _aPrevalence of Eimeria Schneider, 1875 and Isospora Schneider, 1881 species (Apicomplexa: Eimeriidae)swine parasites in Videira, SC, Brazil
650 _aSUÍNO
650 _aPARASITO
650 _aEIMERIOSE
650 _aISOSPOROSE
650 _aSANTA CATARINA
773 0 _tRevista de Ciências Agroveterinárias (Brazil)
_xISSN 1676-9732
_g(Jan-Jul 2007), v. 6(1) p. 38-43
_wBR2011004599
909 _a202311
_bLúcia
_c55
_dLúcia Elande
942 _2AGRIS
_n0
_cANA
999 _c214242
_d214242